| 000 | 00602nam a22001817a 4500 | ||
|---|---|---|---|
| 008 | 110421t xxu||||| |||| 00| 0 eng d | ||
| 020 | _a040651240x | ||
| 082 |
_222 _a346.048 PHI |
||
| 100 |
_aPhillips, Jeremy _91418 |
||
| 245 |
_aIntroduction to Intellectual Property Law / _cJeremy Phillips, Alison Firth |
||
| 250 | _a2nd ed. _ | ||
| 260 |
_aLondon : _bButterworths, _c1990 |
||
| 300 | _axxxi, 340p. : | ||
| 520 | _aincludes index | ||
| 700 |
_aFirth, Alison _91419 |
||
| 942 |
_2ddc _cBK |
||
| 999 |
_c507 _d507 |
||